| LEADER |
00859nas0a2200253 450 |
| 001 |
16863342 |
| 011 |
|
|
|b Br.
|d 2,9
|
| 100 |
|
|
|a 20240807d2023 u u0frey01 ba
|
| 101 |
0 |
|
|a fre
|
| 102 |
|
|
|a FR
|
| 110 |
0 |
|
|a afu 0uu0
|
| 200 |
0 |
|
|a Cuisine Actuelle [ 404 ]
|f Gillet Anne
|
| 207 |
|
1 |
|a 404
|
| 210 |
|
|
|a Paris
|c Prisma
|d 2023
|
| 215 |
|
|
|a 1 vol. (86 p.)
|c ill. coul.
|d 28x21 cm
|
| 225 |
1 |
|
|a Cuisine Actuelle
|
| 464 |
|
|
|a Cahier région: La Provence, bonnes adresses et plats cultes
|
| 464 |
|
|
|a 10 idées gourmandes avec de la ratatouille
|
| 464 |
|
|
|a Dossier: légumes farcis généreux et savoureux
|
| 464 |
|
|
|a Tartes, tiramisu, verrine, la fraise toujours un délice
|
| 676 |
|
|
|a 070.17
|
| 900 |
|
|
|a Revues et magazines
|
| 901 |
|
|
|a Adultes
|
| 995 |
|
|
|a Médiathèque
|c Médiathèque
|f 089020272
|h 089020272
|k 070.17 CUI 404
|o p
|q a
|r az
|e Médiathèque
|